00653nam a2200169 i 450000100060000000300090000600500170001500700030003200800410003510000320007624500880010826000520019630000210024849000900026983000900035985200340044959943ES-MaACL20230906164127.0t|031031s1960 sp ||||1| spa d1 aEscalas y Chameni, Félix.13aEl torbellino económico universal / cdiscurso leido por Félix Escalas Chameni. aBarcelona : b[s.n., c1960] (fImp. Clarasó) a24 p. ; c25 cm.1 aPublicaciones de la Real Academia de Ciencias Económicas y Financieras de Barcelona0 aPublicaciones de la Real Academia de Ciencias Económicas y Financieras de Barcelona aES-MaACLj2027-F-21 bR.47850